Laufey Lyrics - Clockwork - Statistics

General Stats
  • This quiz has been taken 35 times
  • The average score is 150 of 189
Answer Stats
Lyrics % Correct
I
100%
a
95%
again
95%
do
95%
I’m
95%
never
95%
so
95%
that
95%
Think
95%
think
95%
this
95%
clever
90%
could
90%
date
90%
friend
90%
I’d
90%
at
86%
But
86%
but
86%
He
86%
he
86%
I’ll
86%
irrational
86%
it’s
86%
know
86%
least
86%
love
86%
me,
86%
me
86%
run
86%
self-aware
86%
away
81%
called
81%
clockwork,
81%
considered
81%
deeply
81%
destiny
81%
every
81%
fell
81%
in
81%
just
81%
Like
81%
like
81%
maybe
81%
My
81%
my
81%
nothing
81%
regret,
81%
shivering,
81%
Swore
81%
to
81%
way
81%
Words
81%
And
76%
and
76%
brings
76%
forget,
76%
had
76%
he’ll
76%
he’s
76%
late
76%
meeting
76%
probably
76%
running
76%
said
76%
with
76%
God,
71%
head’s
71%
here!”
71%
I’ve
71%
”Oh
71%
oh,
71%
place,
71%
regurgitate
71%
shit,
71%
wild
71%
dramatic,
67%
fear
67%
going
67%
him
67%
home
67%
perfectly
67%
staring
67%
stay
67%
the
67%
too
67%
we’re
67%
We’re
67%
arcade,
62%
back
62%
be
62%
drinking,
62%
his
62%
night
62%
Now
62%
romantic
62%
touch
62%
you
62%
caught
57%
caved
57%
fight-or-flight
57%
forever,
57%
good
57%
loving
57%
much
57%
Ticktock,
57%
want
57%
might
52%
Damn,
48%
smiling,
48%
No matching quizzes found
Score Distribution
Percent of People with Each Score
Percentile by Number Answered
Your Score History
You have not taken this quiz